|
|
|
|
| LEADER |
01386nam a22003137a 4500 |
| 001 |
41928 |
| 003 |
BD-DhAAL |
| 005 |
20231026121318.0 |
| 008 |
231026t2018 ii a|||| ||| 001 0 eng d |
| 020 |
|
|
|a 9781484236840
|
| 020 |
|
|
|a 9781484236857
|
| 040 |
|
|
|a BD-DhAAL
|d BD-DhAAL
|
| 082 |
|
|
|a 006.35
|2 23
|
| 100 |
|
|
|a Goyal, Palash.
|9 55752
|
| 245 |
|
|
|a Deep learning for natural language processing :
|b creating neural networks with Python /
|c Palash Goyal, Sumit Pandey and Karan Jain.
|
| 260 |
|
|
|a Berkeley, CA :
|b Apress,
|c c2018.
|
| 300 |
|
|
|a xvii, 290 pages :
|b illustrations ;
|c 23 cm.
|
| 500 |
|
|
|a Includes index.
|
| 541 |
|
|
|a Book Finder International.
|e 41928
|
| 650 |
|
|
|a Natural language processing (Computer science).
|
| 650 |
|
|
|a Machine learning.
|
| 650 |
|
|
|a Computer science.
|
| 650 |
|
|
|a Speech processing systems.
|9 40973
|
| 700 |
|
|
|a Pandey, Sumit.
|9 55753
|
| 700 |
|
|
|a Jain, Karan.
|9 55754
|
| 942 |
|
|
|2 ddc
|c BK
|
| 999 |
|
|
|c 44578
|d 44578
|
| 952 |
|
|
|0 0
|1 0
|2 ddc
|4 0
|6 006_350000000000000_GOY
|7 0
|9 74653
|a BRACUL
|b BRACUL
|c GEN
|d 2023-10-17
|e Book Finder International
|g 5091.86
|l 2
|m 40
|o 006.35 GOY
|p 3010041929
|r 2025-12-04
|s 2025-01-29
|t 2
|v 5091.86
|w 2023-10-17
|y BK
|
| 952 |
|
|
|0 0
|1 0
|2 ddc
|4 0
|6 006_350000000000000_GOY
|7 0
|9 74654
|a BRACUL
|b BRACUL
|c GEN
|d 2023-10-26
|e Book Finder International
|g 5091.86
|l 3
|m 30
|o 006.35 GOY
|p 3010041928
|r 2025-05-24
|s 2024-06-27
|t 1
|v 5091.86
|w 2023-10-17
|y BK
|